[Event "Creon op 14th"]
[Site "Creon"]
[Date "2009.08.01"]
[Round "8"]
[White "Perier, Nicolas"]
[Black "Lambert, Robert"]
[Result "0-1"]
[WhiteElo "1650"]
[BlackElo "1825"]
[PlyCount "54"]
[EventDate "2009.07.27"]
[EventType "swiss"]
[EventRounds "9"]
[EventCountry "FRA"]
[SourceTitle "CBM 131 Extra"]
[Source "ChessBase"]
[SourceDate "2009.09.03"]
[SourceVersion "2"]
[SourceVersionDate "2009.09.16"]
[SourceQuality "1"]

1. e4 c5 2. c3 d6 3. d4 cxd4 4. cxd4 Nc6 5. d5 Ne5 6. f4 Nd7 7. Nf3 Ngf6 8. Nc3 g6 9. Be2 Bg7 10. 0-0 0-0 11. Bd2 Nc5 12. Qc2 Ng4 13. h3 Nf6 14. Rac1 a5 15. Be3 Bd7 16. Bxc5 dxc5 17. Nd2 Qe8 18. Kh2 b5 19. e5 Nh5 20. Qd1 Nxf4 21. Bf3 Bxe5 22. g3 Nd3 23. Rc2 Qb8 24. Nde4 c4 25. Be2 f5 26. Ng5 Bxg3+ 27. Kh1 Nf2+ 0-1

[Event "Ambes op 2nd"]
[Site "Ambes"]
[Date "2009.04.15"]
[Round "5"]
[White "Guenin, Pierre"]
[Black "Perier, Nicolas"]
[Result "1-0"]
[WhiteElo "1773"]
[BlackElo "1540"]
[PlyCount "47"]
[EventDate "2009.04.11"]
[EventType "swiss"]
[EventRounds "9"]
[EventCountry "FRA"]
[SourceTitle "EXT 2012"]
[Source "ChessBase"]
[SourceDate "2011.11.24"]
[SourceVersion "1"]
[SourceVersionDate "2011.11.24"]
[SourceQuality "1"]

1. e4 e6 2. d4 d5 3. e5 c5 4. c3 Nc6 5. Nf3 Qb6 6. Be2 cxd4 7. cxd4 Bb4+ 8. Nc3 Nge7 9. 0-0 0-0 10. Na4 Qd8 11. a3 Ba5 12. b4 Bc7 13. Bg5 b6 14. Rc1 Bd7 15. Nc3 h6 16. Bh4 a6 17. Qd2 Rc8 18. h3 b5 19. Nh2 Bb6 20. Nf3 Qe8 21. Bd3 Kh8 22. Bb1 Ng6 23. Bf6 Bd8 24. Qxh6+ 1-0

[Event "Ambes op 2nd"]
[Site "Ambes"]
[Date "2009.04.14"]
[Round "4"]
[White "Perier, Nicolas"]
[Black "Castellani, Florent"]
[Result "1-0"]
[WhiteElo "1540"]
[BlackElo "1726"]
[PlyCount "77"]
[EventDate "2009.04.11"]
[EventType "swiss"]
[EventRounds "9"]
[EventCountry "FRA"]
[SourceTitle "EXT 2012"]
[Source "ChessBase"]
[SourceDate "2011.11.24"]
[SourceVersion "1"]
[SourceVersionDate "2011.11.24"]
[SourceQuality "1"]

1. e4 e5 2. Nf3 Nc6 3. Bc4 Nf6 4. 0-0 Be7 5. Re1 0-0 6. Nc3 d6 7. d4 Bg4 8. dxe5 Nxe5 9. Be2 Nfd7 10. Nxe5 Bxe2 11. Nxf7 Bxd1 12. Nxd8 Bxc2 13. Nxb7 Bf6 14. Na5 Nc5 15. f3 Nd3 16. Re2 Nxc1 17. Rxc2 Nd3 18. Rd2 Nxb2 19. Nd5 Na4 20. Nxf6+ Rxf6 21. Rb1 Rff8 22. Rb7 Rab8 23. Rxa7 Rb1+ 24. Kf2 Nc3 25. Kg3 c5 26. Re7 Rb6 27. Nc4 Ra6 28. Rxd6 Rxd6 29. Nxd6 Nxa2 30. Rc7 Rd8 31. Nf5 g6 32. Nh6+ Kf8 33. Rxc5 Nb4 34. Rc7 Rd6 35. Rxh7 Nd3 36. Ng4 g5 37. Rh5 Rg6 38. Rh6 Rg7 39. h4 1-0

[Event "Ambes op 2nd"]
[Site "Ambes"]
[Date "2009.04.11"]
[Round "1"]
[White "Cazeaux, Didier"]
[Black "Perier, Nicolas"]
[Result "1-0"]
[WhiteElo "1841"]
[BlackElo "1540"]
[PlyCount "41"]
[EventDate "2009.04.11"]
[EventType "swiss"]
[EventRounds "9"]
[EventCountry "FRA"]
[SourceTitle "EXT 2012"]
[Source "ChessBase"]
[SourceDate "2011.11.24"]
[SourceVersion "1"]
[SourceVersionDate "2011.11.24"]
[SourceQuality "1"]

1. e4 e6 2. Nc3 d5 3. Nf3 Bb4 4. Bd3 d4 5. Ne2 c5 6. 0-0 Nc6 7. c3 dxc3 8. dxc3 Ba5 9. Qc2 e5 10. Be3 Bb6 11. Rad1 Qe7 12. Nd2 Be6 13. Nc4 f6 14. f4 Bc7 15. fxe5 Nxe5 16. Nxe5 Bxe5 17. Bb5+ Kf7 18. Nf4 Nh6 19. Nxe6 Qxe6 20. Qe2 Rae8 21. Bc4 1-0

[Event "Ambes op 1st"]
[Site "Ambes"]
[Date "2007.04.15"]
[Round "11"]
[White "Vignaud, Didier"]
[Black "Perier, Nicolas"]
[Result "0-1"]
[WhiteElo "1530"]
[BlackElo "1590"]
[PlyCount "52"]
[EventDate "2007.04.07"]
[EventType "swiss"]
[EventRounds "11"]
[EventCountry "FRA"]
[SourceTitle "CBM 117 Extra"]
[Source "ChessBase"]
[SourceDate "2007.05.09"]
[SourceVersion "1"]
[SourceVersionDate "2007.05.09"]
[SourceQuality "1"]

1. e4 e6 2. Nf3 d5 3. exd5 exd5 4. d4 Bd6 5. Nc3 Ne7 6. Nb5 Bf5 7. Nxd6+ Qxd6 8. c3 Nd7 9. Qb3 Nb6 10. Be2 0-0 11. 0-0 Rfe8 12. Re1 Ng6 13. g3 Bg4 14. Qd1 Re7 15. Ng5 Rae8 16. Be3 Bxe2 17. Rxe2 Nc4 18. Qd3 Qf6 19. h4 h6 20. Nh3 Qf3 21. Rae1 Nxh4 22. gxh4 Qxh3 23. b3 Qg4+ 24. Kf1 Qf3 25. Kg1 Re4 26. Bf4 Qxd3 0-1

[Event "Ambes op 1st"]
[Site "Ambes"]
[Date "2007.04.12"]
[Round "7"]
[White "Perier, Nicolas"]
[Black "Font, Bernard"]
[Result "0-1"]
[WhiteElo "1590"]
[BlackElo "1620"]
[PlyCount "34"]
[EventDate "2007.04.07"]
[EventType "swiss"]
[EventRounds "11"]
[EventCountry "FRA"]
[SourceTitle "CBM 117 Extra"]
[Source "ChessBase"]
[SourceDate "2007.05.09"]
[SourceVersion "1"]
[SourceVersionDate "2007.05.09"]
[SourceQuality "1"]

1. e4 e5 2. Nf3 Nc6 3. Bc4 Bc5 4. c3 Nf6 5. d4 exd4 6. cxd4 Bb4+ 7. Bd2 0-0 8. Bxb4 Nxb4 9. Nc3 Nxe4 10. Nxe4 d5 11. Qb3 dxe4 12. Bxf7+ Rxf7 13. Ne5 Nd3+ 14. Nxd3 exd3 15. Qxd3 Qe7+ 16. Kd2 Rxf2+ 17. Kc3 Qe2 0-1

[Event "Ambes op 1st"]
[Site "Ambes"]
[Date "2007.04.11"]
[Round "6"]
[White "Teyssier, Jean Paul"]
[Black "Perier, Nicolas"]
[Result "1-0"]
[WhiteElo "1791"]
[BlackElo "1590"]
[PlyCount "69"]
[EventDate "2007.04.07"]
[EventType "swiss"]
[EventRounds "11"]
[EventCountry "FRA"]
[SourceTitle "CBM 117 Extra"]
[Source "ChessBase"]
[SourceDate "2007.05.09"]
[SourceVersion "1"]
[SourceVersionDate "2007.05.09"]
[SourceQuality "1"]

1. e4 e6 2. d4 d5 3. Nd2 c5 4. Ne2 Nc6 5. exd5 exd5 6. dxc5 Bxc5 7. Nb3 Bb6 8. Ned4 Nxd4 9. Nxd4 Be6 10. Nxe6 fxe6 11. Qh5+ g6 12. Qe5 Qf6 13. Bb5+ Kf7 14. Qg3 Ne7 15. c3 Rhf8 16. Bg5 Nf5 17. Bxf6 Nxg3 18. hxg3 Kxf6 19. Rxh7 Rf7 20. Rxf7+ Kxf7 21. Ke2 Rh8 22. f4 Rh2 23. Kf3 Kf6 24. Re1 Rh5 25. g4 Rh4 26. g5+ Ke7 27. Kg3 a5 28. Rxe6+ Kxe6 29. Kxh4 Kf5 30. g3 d4 31. Bd3+ Ke6 32. c4 Kf7 33. g4 Bc5 34. f5 gxf5 35. gxf5 1-0